1281 1163 1223 1974 1000 1138 1971 1778 1546 1881 1755 1314 1604 1264 1075 1160 1460 1406 1997 1182 1729 1534 1166 1319 1617 1804 1756 1721 1430 1300 1699 1863 1785 1842 1648 1778 1345 1075 1623 1222 1594 1613 1144 1708 1319 1080 1469 1176 1211 1033 1041 1234 1122 1897 1704 1986 1145 1646 1932 1866 1362 1268 1889 1084 1462 1959 1929 1890 1502 1797 1906 1503 1380 1341 1502 1563 1153 1695 1275 1142 1897 1240 1293 1876 1916 1000 1454 1873 1651 1146 1421 1017 1541 1617 1490 1553 1860 1211 1922 BCNSPRNW ULIB Ver.6.0+V

เปลี่ยนเป็นภาษาไทย

Change to English
 แสดงรายละเอียดบรรณานุกรม
  กลับหน้าหลัก

Brief Record : Get Marc (ISO 2709) : E-mail record : QR code < ปิดหน้าต่าง
LEADER : 00000nam 2200000uu 4500
001    13399124107
003     ULIB
008    150118s2556||||th 000 0 tha d
020    ^a9786165154581
060  4 ^aWL344^bม962
110 1  ^aNation Books
245 00 ^aไมเกรน :^bรักษาได้โดยไม่ใช้ยา /^cเรียบเรียงโดยกองบรรณาธิการ Nation Books ; บรรณาธิการ จิราวรรณ นันทพงศ์
250    ^aพิมพ์ครั้งแรก
260    ^aกรุงเทพฯ :^bเนชั่นบุ๊คส์,^c2556
300    ^a104, [2] หน้า :^bภาพประกอบ
500    ^aชื่อเรื่องจากปกนอก
650  7 ^aไมเกรน^xการรักษา
650  7 ^aการดูแลสุขภาพด้วยตนเอง
650  7 ^aปวดศีรษะ^xการรักษา
700 0  ^aจิราวรรณ นันทพงศ์,^eบรรณาธิการ
945    ^p100^l0^i038358
945    ^p100^l0^i038359
945    ^p100^l0^i038360
999    ^aเกษร โพธิ์สุวรรณ
รายการนี้ยังไม่มีแท็ก
คุณยังไม่ได้ล็อกอิน คุณสามารถมีกิจกรรมร่วมกับเว็บไซต์ได้ แต่ต้องล็อกอินก่อน ::
  ล็อกอิน

รายการสื่อสารสนเทศ

ลำดับที่ ประเภท เลขเรียก/บาร์โค้ด สถานที่ สถานะ
1. วิทยาศาสตร์การแพทย์ และสุขภาพ
หนังสือสำรอง
สถานะ=หนังสือสำรอง
WL344 ม962 ฉ.1 
  Barcode: 038358
ห้องสมุดวิทยาเขตสวรรค์ประชารักษ์
►ส่วนจัดเก็บหนังสือเก่า สปร
บนชั้น
  ขอยืม
2. วิทยาศาสตร์การแพทย์ และสุขภาพ
วิทยาศาสตร์การแพทย์ และสุขภาพ
WL344 ม962 ฉ.2 
  Barcode: 038359
ห้องสมุดวิทยาเขตสวรรค์ประชารักษ์
►ส่วนจัดเก็บหนังสือเก่า สปร
บนชั้น
  ขอยืม
3. วิทยาศาสตร์การแพทย์ และสุขภาพ
วิทยาศาสตร์การแพทย์ และสุขภาพ
WL344 ม962 ฉ.3 
  Barcode: 038360
ห้องสมุดวิทยาเขตสวรรค์ประชารักษ์
►ส่วนจัดเก็บหนังสือเก่า สปร
บนชั้น
  ขอยืม

รายการใกล้เคียง
    หัวเรื่อง [การดูแลสุขภาพด้วยตนเอง]

BibComment


ยังไม่เคยถูกคอมเมนท์

คอมเมนท์ทรัพยากรรายการนี้
  คอมเมนท์: ไมเกรน รักษาได้..


 Copyright 2026. Bcnsprnw @Library